Missing Word: Bad Comedy Movies Quiz Stats

Quiz Updated Mar 15, 2018

Challenge
Share
Tweet
Embed
Score 0/18 Timer 05:00
0 Plays Today
Movie Missing Word % Correct
Dumb and _____ ToDumber
98.3%
_____ Day CareDaddy
95.7%
Paul Blart: _____ Cop 2Mall
93.9%
_____ by the Dozen 2Cheaper
92.4%
A Million Ways to _____ in the WestDie
87.3%
_____, Me And DupreeYou
87%
Jack and _____Jill
85.8%
How to Be a Latin _____Lover
72.4%
Mike and Dave Need Wedding _____Dates
70.8%
Movie Missing Word % Correct
Daddy's _____Home
68.3%
Identity _____Thief
61.4%
_____ GrandpaDirty
58%
Pride and Prejudice and _____Zombies
55.8%
Tyler Perry's A _____ ChristmasMadea
51%
_____ to be SingleHow
49.4%
License to _____Wed
27.4%
Let's Be _____Cops
25.4%
_____ LivesNine
20.8%

Today's Daily Dose

Word Ladder
Paul Newman

On This Day
April 21st II

You're not logged in!

Compare scores with friends on all Sporcle quizzes.
Sign Up with Email
OR
Log In

You Might Also Like...

Show Comments

Extras

Top Quizzes Today


Score Distribution

Your Account Isn't Verified!

In order to create a playlist on Sporcle, you need to verify the email address you used during registration. Go to your Sporcle Settings to finish the process.

Report this User

Report this user for behavior that violates our Community Guidelines.

Details: